Vectores y tensores con sus aplicaciones /
Guardado en:
| Autor Principal: | |
|---|---|
| Formato: | Libro |
| Publicado: |
Buenos Aires :
Eudeba,
1961
|
| Materias: | |
| Etiquetas: |
Agregar Etiqueta
Sin Etiquetas, Sea el primero en etiquetar este registro!
|
| LEADER | 00848nam a22002295a 4500 | ||
|---|---|---|---|
| 001 | CEM.cems005763 | ||
| 005 | 20060214000000.0 | ||
| 008 | 130507s1961##################000#0#####d | ||
| 003 | CEMS | ||
| 082 | 0 | 4 | |a 516.8 |
| 100 | 1 | |a Santaló, Luis A. | |
| 245 | 1 | 0 | |a Vectores y tensores con sus aplicaciones / |
| 260 | |a Buenos Aires : |b Eudeba, |c 1961 | ||
| 300 | |a 381 p. | ||
| 505 | 0 | |a Elementos de calculo diferencial e integral; Diferencias finitas, probabilidad y estadistica elemental; Ejercicios y problemas sobre diferencias finitas. Calculo diferencial e integral y probabilidades | |
| 653 | |a Geometria analitica | ||
| 653 | |a Matematica | ||
| 653 | |a Matrices | ||
| 653 | |a Producto escalar | ||
| 653 | |a Vectores | ||
| 859 | |a CEMS |b BIB. CEMS - 11 de abril |h 516.8 |i Sa59 |p 9519.81 |t Ej.1 | ||
| 859 | |a CEMS |b BIB. CEMS - 11 de abril |h 516.8 |i Sa59 |p 9520.81 |t Ej.2 | ||
